LEADER 01062nam0-2200361---450- 001 990009512850403321 005 20120118135227.0 010 $a978 88 1704454 7 035 $a000951285 035 $aFED01000951285 035 $a(Aleph)000951285FED01 035 $a000951285 100 $a20120118d2010----km-y0itay50------ba 101 0 $aita 102 $aIT 105 $a--------001cy 200 1 $a<>peste$fTommaso Sodano con Nello Trocchia 210 $aMilano$cRizzoli$d2010 215 $a355 p.$d23 cm 610 0 $aCamorra$aCampania$aInfluenza sulla gestione dei rifiuti$a1995-2010 610 0 $aRifiuti$aCampania$aGestione$aCondizionamento da parte della camorra 676 $a364.106$v22$zita 676 $a364.106094572$v22$zita 676 $a363.728094572$v22$zita 700 1$aSodano,$bTommaso$0514963 701 1$aTrocchia,$bNello$0514964 801 0$aIT$bUNINA$gRICA$2UNIMARC 901 $aBK 912 $a990009512850403321 952 $a364.106 SOD 1$b5485$fBFS 959 $aBFS 996 $aPeste$9850538 997 $aUNINA LEADER 01181nam0-22003731i-450 001 990007944110403321 005 20250924104613.0 010 $a0-262-65033-9$bvol. 1 010 $a0-262-65034-7$bvol. 2 010 $a0-262-65035-5$bvol. 3 035 $a000794411 035 $aFED01000794411 035 $a(Aleph)000794411FED01 035 $a000794411 100 $a20041108d1990----km-y0itay50------ba 101 0 $aeng 102 $aGB 105 $aa-------001yy 200 1 $a<>invitation to cognitive science 210 $aCambridge$cThe MIT press$d1990 215 $a3 v.$cill.$d23 cm 327 1 $a1.: Language / edited by Daniel N. Osherson and Howard Lasnik$a2.: Visual cognition and action / edited by Daniel N. Osherson ...[et al.]$a3.: Thinking / edited by Daniel N. Osherson and Edward E. Smith 610 0 $aConoscenza 676 $a153 702 1$aOsherson,$bDaniel N. 702 1$aLasnik,$bHoward 702 1$aSmith,$bEdward E. 801 0$aIT$bUNINA$gRICA$2UNIMARC 901 $aBK 912 $a990007944110403321 952 $aCIRASS 22(A-C)$fCIRAS 959 $aCIRAS 996 $aInvitation to cognitive science$9748956 997 $aUNINA